Statistics for Alliterative U.S. Geography

Click here to take the quiz!

General Stats

  • This quiz has been taken 39 times
    (36 since last reset)
  • The average score is 12 of 23

Answer Stats

HintAnswer% Correct
California strait spanned by a famous bridgeGolden Gate
94%
Nevada state capitalCarson City
91%
Massachusetts peninsulaCape Cod
88%
University of Michigan cityAnn Arbor
85%
Florida's nicknameSunshine State
82%
City on the Virginia PeninsulaNewport News
79%
Texas Gulf Coast cityCorpus Christi
74%
Waterway between Oklahoma and Texas, or between Minnesota and North DakotaRed River
65%
Eastern Washington college townWalla Walla
62%
Political entity in northeast Arizona also called Naabeehó BináhásdzoNavajo Nation
59%
West Texas national parkBig Bend
56%
Inland body of water in Southern CaliforniaSalton Sea
53%
Biggest Austin, Texas suburbRound Rock
47%
New Mexico national parkCarlsbad Caverns
44%
Colorado ski resort townSteamboat Springs
35%
Highest peak in the Appalachian MountainsMount Mitchell
32%
The only Nevada city in Mountain TimeWest Wendover
32%
"Wild and Scenic" waterway of southwest OregonRogue River
21%
Alaskan island group containing the cities of Ketchikan, Sitka, and WrangellAlexander Archipelago
15%
Southern California region just across the mountains from San BernardinoVictor Valley
15%
Large body of water in northern MinnesotaLeech Lake
12%
2nd highest peak in the Rocky MountainsMount Massive
12%
Cascade volcano containing Crater LakeMount Mazama
12%

Score Distribution

Percentile by Number Answered

Percent of People with Each Score

Your Score History

You have not taken this quiz since the last reset